[Event "Junior Online 4NCL Division 4"]
[Site "online"]
[Date "2020.11.12"]
[Round "7.62"]
[White "Durling, Charlie"]
[Black "Yau, Ethan Y"]
[Result "1/2-1/2"]
[WhiteElo "1127"]
[BlackElo "1562"]
[PlyCount "68"]
[EventDate "2020.11.12"]
[WhiteTeam "May The Fork Be With You 5"]
[BlackTeam "Temple Sutton Juniors"]

1. d4 d5 2. c4 c6 3. Nc3 Nf6 4. Bg5 Bf5 5. e3 Nbd7 6. Bd3 Bg6 7. Nf3 e6 8. O-O
Be7 9. Rc1 O-O 10. Qc2 Rc8 11. Bxg6 hxg6 12. h3 dxc4 13. Rfd1 Nb6 14. Ne5 Nh7
15. Bxe7 Qxe7 16. Ne4 Nf6 17. Nc5 Rfd8 18. Nxc4 Nxc4 19. Qxc4 Rd5 20. e4 Rg5
21. e5 Nd5 22. h4 Rg4 23. g3 g5 24. h5 b6 25. Nb3 c5 26. Qa6 Rc7 27. dxc5 bxc5
28. Kg2 c4 29. f3 Ne3+ 30. Kh3 Rxg3+ 31. Kxg3 Nxd1 32. Qa5 Nxb2 33. Nc5 Rxc5
34. Qa3 Qc7 1/2-1/2

[Event "Junior Online 4NCL Division 4"]
[Site "online"]
[Date "2020.11.12"]
[Round "7.63"]
[White "Summers, Dylan S"]
[Black "Rahamim, Liad"]
[Result "1-0"]
[WhiteElo "1487"]
[BlackElo "1187"]
[PlyCount "37"]
[EventDate "2020.11.12"]
[WhiteTeam "Temple Sutton Juniors"]
[BlackTeam "May The Fork Be With You 5"]

1. e4 e5 2. Nf3 Nc6 3. Bc4 h6 4. d3 Nf6 5. Be3 Bd6 6. Nc3 O-O 7. O-O b6 8. h3
Bb7 9. Re1 Qe7 10. d4 Nd8 11. dxe5 Bxe5 12. Nxe5 Qxe5 13. Bd4 Qe7 14. e5 Nd5
15. Bxd5 Bxd5 16. Nxd5 Qg5 17. Qg4 Qd2 18. e6 dxe6 19. Qxg7# 1-0

[Event "Junior Online 4NCL Division 4"]
[Site "online"]
[Date "2020.11.12"]
[Round "7.64"]
[White "Tager, Maya"]
[Black "Yau, Max Y"]
[Result "0-1"]
[WhiteElo "1075"]
[BlackElo "1277"]
[PlyCount "62"]
[EventDate "2020.11.12"]
[WhiteTeam "May The Fork Be With You 5"]
[BlackTeam "Temple Sutton Juniors"]

1. e4 e5 2. Nf3 Nc6 3. Bc4 Bc5 4. O-O Nf6 5. Nc3 d6 6. d3 h6 7. h3 O-O 8. Na4
Qe7 9. Nxc5 dxc5 10. Bb3 Be6 11. Bxe6 fxe6 12. c3 b6 13. Be3 Rfd8 14. d4 exd4
15. cxd4 Nxe4 16. dxc5 Rxd1 17. Rfxd1 bxc5 18. Re1 Qf6 19. Bc1 Ng5 20. Nxg5
hxg5 21. Rb1 Qf5 22. Bd2 Rd8 23. Bc3 Rd5 24. g4 Qg6 25. Rbc1 Nd4 26. Bxd4 Rxd4
27. Rxc5 Re4 28. Rxe4 Qxe4 29. Rxc7 Qb1+ 30. Kg2 Qxa2 31. Rb7 Qd5+ 0-1

[Event "Junior Online 4NCL Division 4"]
[Site "online"]
[Date "2020.11.12"]
[Round "7.65"]
[White "Jowell, Leo"]
[Black "Modhura, Urbi"]
[Result "0-1"]
[WhiteElo "1172"]
[BlackElo "1622"]
[PlyCount "66"]
[EventDate "2020.11.12"]
[WhiteTeam "May The Fork Be With You 5"]
[BlackTeam "Temple Sutton Juniors"]

1. d4 Nf6 2. c4 e6 3. Nc3 d5 4. cxd5 exd5 5. Nf3 c5 6. dxc5 Bxc5 7. e3 Nc6 8.
Be2 O-O 9. O-O Bf5 10. Bd3 Bg4 11. h3 Bxf3 12. Qxf3 Ne5 13. Qf5 Nxd3 14. Qxd3
Qd7 15. Rd1 Rfd8 16. e4 Nxe4 17. Nxe4 Bb6 18. Bh6 Qe6 19. Qg3 Qxh6 20. Ng5 Qg6
21. Rd3 h6 22. Nf3 Qxg3 23. Rd2 Qg6 24. Ne5 Qf6 25. Re1 d4 26. Ng4 Qg5 27. Re5
Qxd2 28. Re4 Re8 29. Rf4 Qxf4 30. f3 Re1+ 31. Kf2 Qd2+ 32. Kg3 Bc7+ 33. Kh4
Qg5# 0-1

[Event "Junior Online 4NCL Division 4"]
[Site "online"]
[Date "2020.11.12"]
[Round "7.66"]
[White "Yau, Ethan Y"]
[Black "Durling, Charlie"]
[Result "1-0"]
[WhiteElo "1562"]
[BlackElo "1127"]
[PlyCount "133"]
[EventDate "2020.11.12"]
[WhiteTeam "Temple Sutton Juniors"]
[BlackTeam "May The Fork Be With You 5"]

1. e4 e6 2. d4 d5 3. exd5 exd5 4. Nc3 Nf6 5. Nf3 Nc6 6. Bf4 Bd6 7. Bg3 Bf5 8.
Bb5 O-O 9. Bxc6 bxc6 10. O-O Bxg3 11. hxg3 Rb8 12. b3 Re8 13. Ne5 Qd6 14. Re1
Ng4 15. Nxg4 Rxe1+ 16. Qxe1 Bxg4 17. Qd2 Be6 18. Re1 Re8 19. a4 c5 20. dxc5
Qxc5 21. Re5 Rd8 22. Ne4 Qf8 23. Nc3 Qb4 24. Ne4 Qe7 25. Ng5 h6 26. Nxe6 fxe6
27. Qa5 Qd6 28. Re1 a6 29. Qd2 c5 30. Qd3 e5 31. f3 Qb6 32. c4 dxc4 33. Qxc4+
Kh8 34. Rxe5 Qd6 35. Rxc5 Qxg3 36. Rc8 Qe1+ 37. Kh2 Qh4+ 38. Qxh4 Rxc8 39. Qc4
Rxc4 40. bxc4 Kg8 41. Kg3 Kf7 42. Kf4 Ke6 43. Ke4 a5 44. c5 g6 45. g3 h5 46. f4
Kd7 47. Kd5 Kd8 48. Kc6 Kc8 49. Kb6 Kd7 50. Kb7 Ke8 51. c6 g5 52. fxg5 Kf7 53.
c7 Kg6 54. c8=Q Kxg5 55. Qg8+ Kh6 56. Qa8 Kg5 57. Qxa5+ Kg4 58. Kc6 Kxg3 59.
Qxh5 Kg2 60. Qg4+ Kh1 61. Qb4 Kg2 62. Qb3 Kg1 63. Qa2 Kh1 64. Kd5 Kg1 65. Ke4
Kh1 66. Kf3 Kg1 67. Qg2# 1-0

[Event "Junior Online 4NCL Division 4"]
[Site "online"]
[Date "2020.11.12"]
[Round "7.67"]
[White "Rahamim, Liad"]
[Black "Summers, Dylan S"]
[Result "0-1"]
[WhiteElo "1187"]
[BlackElo "1487"]
[PlyCount "90"]
[EventDate "2020.11.12"]
[WhiteTeam "May The Fork Be With You 5"]
[BlackTeam "Temple Sutton Juniors"]

1. d4 d5 2. c4 e6 3. Nc3 Nf6 4. Nf3 Bd6 5. g3 b6 6. Bg2 Bb7 7. O-O O-O 8. Bd2
Nbd7 9. Qc2 Re8 10. Rad1 c5 11. e3 Qc7 12. Nb5 Qc6 13. Nxd6 Qxd6 14. Ng5 g6 15.
Qb3 Rac8 16. Bh3 Ba6 17. Rfe1 Bxc4 18. Qa4 Bd3 19. Qxa7 Ra8 20. Qb7 Reb8 21.
Nxf7 Kxf7 22. Bxe6+ Kxe6 23. Qxd5+ Qxd5 24. Bc3 Rxa2 25. Rxd3 c4 26. e4 Qh5 27.
d5+ Kf7 28. Rdd1 Re8 29. e5 Nxe5 30. Bxe5 Rxe5 31. Rf1 Rxb2 32. d6 Ke8 33. Rde1
Rxe1 34. Rxe1+ Kd7 35. Rf1 Kxd6 36. Kh1 Qf3+ 37. Kg1 Rd2 38. h3 Rd1 39. Rxd1+
Qxd1+ 40. Kh2 c3 41. Kg2 c2 42. Kh2 c1=Q 43. g4 Qh1+ 44. Kg3 Ne4+ 45. Kh4 Qh6#
0-1

[Event "Junior Online 4NCL Division 4"]
[Site "online"]
[Date "2020.11.12"]
[Round "7.68"]
[White "Yau, Max Y"]
[Black "Tager, Maya"]
[Result "1-0"]
[WhiteElo "1277"]
[BlackElo "1075"]
[PlyCount "55"]
[EventDate "2020.11.12"]
[WhiteTeam "Temple Sutton Juniors"]
[BlackTeam "May The Fork Be With You 5"]

1. e4 e5 2. Nf3 Nc6 3. Bc4 Be7 4. d3 Nf6 5. h3 O-O 6. O-O h6 7. Nc3 d6 8. Be3
Be6 9. Bb3 a5 10. Bxe6 fxe6 11. d4 exd4 12. Bxd4 Nxd4 13. Nxd4 e5 14. Ne6 Qe8
15. Nxf8 Bxf8 16. Nd5 Nxd5 17. Qxd5+ Kh7 18. Qxb7 Rc8 19. Qa6 Ra8 20. Qd3 Rb8
21. b3 Rb5 22. a4 Rc5 23. Rfe1 Qf7 24. Rab1 c6 25. b4 axb4 26. Rxb4 Qf6 27. f4
exf4 28. e5+ 1-0

[Event "Junior Online 4NCL Division 4"]
[Site "online"]
[Date "2020.11.12"]
[Round "7.71"]
[White "Johnston, Alexander"]
[Black "Oh, Julie"]
[Result "1/2-1/2"]
[WhiteElo "1480"]
[BlackElo "1487"]
[PlyCount "105"]
[EventDate "2020.11.12"]
[WhiteTeam "Forest Hall Chimaeras"]
[BlackTeam "JHJ 2"]

1. e4 c5 2. Nf3 e6 3. c3 Nc6 4. d4 cxd4 5. cxd4 Qc7 6. Nc3 a6 7. Bc4 Bb4 8. Bd2
b5 9. Bb3 Bxc3 10. bxc3 Bb7 11. O-O h6 12. d5 Nce7 13. dxe6 dxe6 14. Re1 Nf6
15. a4 Nxe4 16. axb5 Nxd2 17. Qxd2 axb5 18. Ne5 O-O 19. Rxa8 Rxa8 20. Bc2 Nd5
21. Qd3 Nf6 22. h3 Bd5 23. Re3 Ra1+ 24. Kh2 Ra8 25. Rg3 Qxe5 26. Qxb5 Rf8 27.
Qd3 Ne4 28. Kg1 f5 29. Re3 Qf6 30. c4 Bc6 31. f3 Ng5 32. f4 Rd8 33. Qb3 Ne4 34.
Qb6 Qa1+ 35. Kh2 Qa8 36. c5 Rd2 37. Bb3 Nxc5 38. Qxc5 Rxg2+ 39. Kh1 Rc2+ 40.
Kg1 Rxc5 41. Bxe6+ Kh7 42. Kf2 Qa2+ 43. Bxa2 Rc2+ 44. Re2 Rxe2+ 45. Kxe2 Bg2
46. h4 Kg6 47. Kf2 Bh3 48. Kg3 Bg4 49. Be6 Kf6 50. Bd7 g5 51. hxg5+ hxg5 52.
fxg5+ Kxg5 53. Bxf5 1/2-1/2

[Event "Junior Online 4NCL Division 4"]
[Site "online"]
[Date "2020.11.12"]
[Round "7.72"]
[White "Groot Wassink, Leon"]
[Black "Wu, Feitong"]
[Result "1-0"]
[WhiteElo "1487"]
[BlackElo "1495"]
[PlyCount "89"]
[EventDate "2020.11.12"]
[WhiteTeam "JHJ 2"]
[BlackTeam "Forest Hall Chimaeras"]

1. e4 e6 2. e5 d5 3. exd6 Bxd6 4. Nf3 Nf6 5. Bb5+ c6 6. Ba4 O-O 7. O-O Bc7 8.
d3 Re8 9. Bg5 Qd6 10. Bxf6 gxf6 11. Nbd2 Nd7 12. Ne4 Qf4 13. Ng3 Ne5 14. Bb3 h5
15. Nxe5 fxe5 16. Qxh5 Kg7 17. Ne4 Rh8 18. Qg5+ Qxg5 19. Nxg5 Rh5 20. Ne4 f5
21. Ng3 Rh4 22. Rfe1 Bd7 23. h3 Rg8 24. c3 Kf6 25. Bd1 Rh6 26. Kh1 Be8 27. Nf1
f4 28. Nh2 Rhg6 29. Bg4 Bb6 30. f3 Rg5 31. Re2 Be3 32. Rae1 Bh5 33. Bxh5 Rxh5
34. Ng4+ Kf5 35. Nxe3+ fxe3 36. Rxe3 Kf4 37. Kh2 Rhg5 38. Re4+ Kf5 39. Rxe5+
Kf6 40. Rxe6+ Kf7 41. Re7+ Kf6 42. R1e6+ Kf5 43. Re5+ Kf4 44. Rxg5 Rxg5 45.
Rxb7 1-0

[Event "Junior Online 4NCL Division 4"]
[Site "online"]
[Date "2020.11.12"]
[Round "7.73"]
[White "Hutchins, Andrew"]
[Black "Harb, Laith A"]
[Result "1-0"]
[WhiteElo "1450"]
[BlackElo "1472"]
[PlyCount "111"]
[EventDate "2020.11.12"]
[WhiteTeam "Forest Hall Chimaeras"]
[BlackTeam "JHJ 2"]

1. d4 d5 2. c4 e6 3. Nc3 Nf6 4. Bg5 Be7 5. Nf3 Nbd7 6. e3 O-O 7. cxd5 exd5 8.
Bd3 c6 9. O-O h6 10. Bh4 Qb6 11. Qc2 Qd8 12. Bxf6 Nxf6 13. Ne5 Be6 14. h3 Bd6
15. Ne2 Qc7 16. f4 b6 17. Rf3 Ne4 18. Bxe4 dxe4 19. Rg3 Bd5 20. Nc3 f5 21. Nxd5
cxd5 22. Qb3 Bxe5 23. Qxd5+ Kh8 24. Qxe5 Qxe5 25. dxe5 Rac8 26. Rd1 Rc2 27. Rd7
Rxb2 28. Rxa7 Rg8 29. Rg6 Rb1+ 30. Kh2 Rb2 31. Rf7 Rxa2 32. Rxb6 Re2 33. Rxf5
Rxe3 34. Rb4 Re1 35. e6 e3 36. Re5 e2 37. Rbe4 Re8 38. Rxe2 Rxe2 39. Rxe2 Kg8
40. f5 Kf8 41. g4 Ke7 42. Kg3 Kf6 43. Kf4 g6 44. Ra2 gxf5 45. gxf5 h5 46. Ra7
Re7 47. Rxe7 Kxe7 48. Kg5 Ke8 49. Kxh5 Ke7 50. Kg5 Ke8 51. h4 Ke7 52. Kg6 Kf8
53. h5 Kg8 54. h6 Kh8 55. e7 Kg8 56. e8=Q# 1-0

[Event "Junior Online 4NCL Division 4"]
[Site "online"]
[Date "2020.11.12"]
[Round "7.74"]
[White "Ward, Cian"]
[Black "Mohindra, Arun"]
[Result "1-0"]
[WhiteElo "1465"]
[BlackElo "1300"]
[PlyCount "44"]
[EventDate "2020.11.12"]
[WhiteTeam "JHJ 2"]
[BlackTeam "Forest Hall Chimaeras"]

1. e4 Nf6 2. Nc3 d5 3. exd5 Nxd5 4. Bc4 Nxc3 5. bxc3 Nc6 6. Nf3 Bg4 7. Bxf7+
Kxf7 8. Ng5+ Ke8 9. Qxg4 h5 10. Qe6 Qd6 11. Qxd6 exd6 12. O-O Kd7 13. Re1 Re8
14. Rxe8 Kxe8 15. d4 Be7 16. Ne6 Kd7 17. Nxg7 Bf6 18. Nf5 Ke6 19. Ne3 Bg5 20.
d5+ Ke5 21. dxc6 bxc6 22. Nc4+ Kd5 1-0

[Event "Junior Online 4NCL Division 4"]
[Site "online"]
[Date "2020.11.12"]
[Round "7.75"]
[White "Oh, Julie"]
[Black "Johnston, Alexander"]
[Result "0-1"]
[WhiteElo "1487"]
[BlackElo "1480"]
[PlyCount "74"]
[EventDate "2020.11.12"]
[WhiteTeam "JHJ 2"]
[BlackTeam "Forest Hall Chimaeras"]

1. e4 c6 2. Nc3 d5 3. f4 Nf6 4. e5 Ne4 5. Nxe4 dxe4 6. Qe2 Bf5 7. g4 Bc8 8.
Qxe4 Bxg4 9. f5 Bh5 10. d4 Qd5 11. Bg2 e6 12. Qxd5 cxd5 13. c4 dxc4 14. Bxb7
Bb4+ 15. Bd2 Be7 16. Bxa8 Bh4+ 17. Kf1 O-O 18. Be1 Bg5 19. Bf3 Bxf3 20. Nxf3
Be3 21. Ke2 Bh6 22. f6 g6 23. Bd2 Bxd2 24. Kxd2 Nd7 25. Rhg1 Rb8 26. Kc2 Nb6
27. Rab1 Nd5 28. Kd2 a5 29. b3 c3+ 30. Kc2 Kf8 31. Ng5 h6 32. Ne4 Ke8 33. Nxc3
Rc8 34. Rg3 Nf4 35. Kd2 Rd8 36. Ne2 Nd5 37. Rc1 Nb4 0-1

[Event "Junior Online 4NCL Division 4"]
[Site "online"]
[Date "2020.11.12"]
[Round "7.76"]
[White "Wu, Feitong"]
[Black "Groot Wassink, Leon"]
[Result "0-1"]
[WhiteElo "1495"]
[BlackElo "1487"]
[PlyCount "56"]
[EventDate "2020.11.12"]
[WhiteTeam "Forest Hall Chimaeras"]
[BlackTeam "JHJ 2"]

1. e4 c5 2. Nf3 d6 3. d4 cxd4 4. Nxd4 Nf6 5. Nc3 g6 6. Bg5 Bg7 7. Bc4 O-O 8.
Qd2 Nc6 9. Nf3 Bg4 10. h4 Rc8 11. Bb3 b5 12. O-O-O b4 13. Nd5 Nxd5 14. exd5 Na5
15. Kb1 Nxb3 16. axb3 Qa5 17. h5 Bf5 18. Qe2 Bxb2 19. Kxb2 Rxc2+ 20. Qxc2 Bxc2
21. Kxc2 Qa2+ 22. Kd3 Qxb3+ 23. Ke2 a5 24. hxg6 fxg6 25. Rb1 Qc4+ 26. Kd2 Qxd5+
27. Kc2 Rc8+ 28. Kb2 Rc3 0-1

[Event "Junior Online 4NCL Division 4"]
[Site "online"]
[Date "2020.11.12"]
[Round "7.77"]
[White "Harb, Laith A"]
[Black "Hutchins, Andrew"]
[Result "0-1"]
[WhiteElo "1472"]
[BlackElo "1450"]
[PlyCount "60"]
[EventDate "2020.11.12"]
[WhiteTeam "JHJ 2"]
[BlackTeam "Forest Hall Chimaeras"]

1. d4 Nf6 2. c4 g6 3. Nc3 Bg7 4. Bf4 d6 5. Nf3 O-O 6. e3 Bg4 7. Bd3 Re8 8. O-O
e5 9. dxe5 dxe5 10. h3 Bxf3 11. Qxf3 exf4 12. Qxf4 Qxd3 13. Qxc7 Qd7 14. Qc5
Qc6 15. Qb4 a5 16. Qb3 a4 17. Qc2 Qxc4 18. b3 Qc6 19. Rfc1 Ne4 20. Nxa4 Qxc2
21. Rxc2 Bxa1 22. Rc7 Nd6 23. Rc1 Bf6 24. Rd1 Ne4 25. Rc1 b5 26. Nc5 Nxc5 27.
Rxc5 Rxa2 28. Rxb5 Be5 29. Kf1 Rd8 30. Rxe5 Rd1# 0-1

[Event "Junior Online 4NCL Division 4"]
[Site "online"]
[Date "2020.11.12"]
[Round "7.78"]
[White "Mohindra, Arun"]
[Black "Ward, Cian"]
[Result "0-1"]
[WhiteElo "1300"]
[BlackElo "1465"]
[PlyCount "90"]
[EventDate "2020.11.12"]
[WhiteTeam "Forest Hall Chimaeras"]
[BlackTeam "JHJ 2"]

1. e4 e5 2. Nf3 Nc6 3. Bc4 Bc5 4. O-O Nf6 5. d4 Bxd4 6. Nxd4 Nxd4 7. Bg5 O-O 8.
f4 h6 9. Bh4 d6 10. fxe5 dxe5 11. c3 Nc6 12. Qxd8 Nxd8 13. Bxf6 gxf6 14. Rxf6
Kg7 15. Rf1 Ne6 16. Nd2 Nf4 17. g3 Nh3+ 18. Kg2 Ng5 19. h4 Bh3+ 20. Kh2 Bxf1
21. Rxf1 Ne6 22. Nf3 Nc5 23. Nxe5 f6 24. Ng4 Nxe4 25. Bd5 Nd6 26. c4 c6 27. Be6
Rae8 28. Bf5 Nxf5 29. Rxf5 Re2+ 30. Rf2 Rxf2+ 31. Nxf2 Re8 32. Kg2 Re2 33. Kf3
Rxb2 34. a3 Ra2 35. Ne4 Rxa3+ 36. Kf4 Ra4 37. Kf5 Rxc4 38. Nd6 Rc5+ 39. Ke6
Re5+ 40. Kd7 Rd5 41. Kc7 Rxd6 42. Kxd6 a5 43. Kc5 b5 44. Kxc6 b4 45. Kc5 b3 0-1

[Event "Junior Online 4NCL Division 4"]
[Site "online"]
[Date "2020.11.12"]
[Round "7.81"]
[White "Kothari, Jai"]
[Black "Smith, Ryan S"]
[Result "0-1"]
[WhiteElo "1690"]
[BlackElo "1765"]
[PlyCount "84"]
[EventDate "2020.11.12"]
[WhiteTeam "Woking Warriors"]
[BlackTeam "KEGS Chelmsford"]

1. e4 e5 2. Nf3 Nc6 3. Bb5 a6 4. Bxc6 dxc6 5. O-O Bg4 6. h3 Bh5 7. d3 Bd6 8.
Be3 Qd7 9. Nbd2 Ne7 10. c3 f5 11. exf5 Nxf5 12. Qc2 O-O-O 13. Ne4 Bxf3 14.
Nxd6+ cxd6 15. gxf3 Nh4 16. f4 Qxh3 17. f3 Nxf3+ 18. Rxf3 Qxf3 19. Qf2 Qxf2+
20. Bxf2 exf4 21. Rf1 g5 22. Bd4 Rhf8 23. Bg7 Rf7 24. Bh6 Rg8 25. Kg2 Rg6 26.
Rh1 Rff6 27. Bf8 Rxf8 28. Rxh7 f3+ 29. Kf2 g4 30. Rh1 g3+ 31. Kg1 f2+ 32. Kg2
f1=Q+ 33. Rxf1 Rxf1 34. Kxf1 g2+ 35. Kg1 Kd7 36. d4 Ke6 37. b3 Kf5 38. a3 Kf4
39. c4 Kg3 40. d5 Rg5 41. dxc6 Re5 42. cxb7 Re1# 0-1

[Event "Junior Online 4NCL Division 4"]
[Site "online"]
[Date "2020.11.12"]
[Round "7.82"]
[White "Arun Jacob, Nigel A"]
[Black "Phillips, Freddie"]
[Result "1-0"]
[WhiteElo "1525"]
[BlackElo "1435"]
[PlyCount "47"]
[EventDate "2020.11.12"]
[WhiteTeam "KEGS Chelmsford"]
[BlackTeam "Woking Warriors"]

1. d4 d5 2. c4 c6 3. Nc3 Nf6 4. Bf4 Bf5 5. Nf3 dxc4 6. a4 Na6 7. e3 Be6 8. Ng5
g6 9. Nxe6 fxe6 10. Bxc4 Nb4 11. Bxe6 Qa5 12. O-O Bg7 13. Qb3 Nd3 14. Bf7+ Kd8
15. d5 cxd5 16. Bg5 Nb4 17. Rad1 Kc7 18. Bxf6 Bxf6 19. Nxd5+ Nxd5 20. Bxd5 Rhd8
21. Qxb7+ Kd6 22. Qc6+ Ke5 23. f4+ Kf5 24. Be6# 1-0

[Event "Junior Online 4NCL Division 4"]
[Site "online"]
[Date "2020.11.12"]
[Round "7.83"]
[White "Seet, Joshua"]
[Black "Poon, Evan"]
[Result "0-1"]
[WhiteElo "1330"]
[BlackElo "1112"]
[PlyCount "88"]
[EventDate "2020.11.12"]
[WhiteTeam "Woking Warriors"]
[BlackTeam "KEGS Chelmsford"]

1. d4 d5 2. c4 c6 3. Nc3 Nf6 4. cxd5 cxd5 5. Bg5 Nc6 6. Nf3 h6 7. Bh4 e6 8. e3
Be7 9. Bb5 Bd7 10. O-O a6 11. Ba4 Nh7 12. Bxe7 Qxe7 13. Qb3 b5 14. Nxb5 axb5
15. Bxb5 O-O 16. Qc3 Rac8 17. Qd2 Ng5 18. Nxg5 Qxg5 19. a4 Qd8 20. a5 Ra8 21.
Bxc6 Bxc6 22. b4 Bb5 23. Rfc1 Ra6 24. Rc5 Qd7 25. Qc3 Rc6 26. Rxc6 Qxc6 27. Qb3
Bc4 28. Qc3 Qb5 29. h3 Ra8 30. g4 Kh7 31. Kg2 Kg6 32. Kg3 Kg5 33. Qc2 Qxb4 34.
f4+ Kf6 35. f5 Rxa5 36. Rxa5 Qxa5 37. fxe6 Kxe6 38. Qf5+ Ke7 39. Qe5+ Kf8 40.
Qd6+ Kg8 41. Qe5 Qe1+ 42. Kg2 Bf1+ 43. Kh2 Qf2+ 44. Kh1 Qg2# 0-1

[Event "Junior Online 4NCL Division 4"]
[Site "online"]
[Date "2020.11.12"]
[Round "7.84"]
[White "Thompson, Thomas George"]
[Black "Wicks, Alexander"]
[Result "1-0"]
[WhiteElo "1075"]
[BlackElo "1345"]
[PlyCount "121"]
[EventDate "2020.11.12"]
[WhiteTeam "KEGS Chelmsford"]
[BlackTeam "Woking Warriors"]

1. e4 d5 2. exd5 Nf6 3. Nc3 Nxd5 4. Nf3 Nxc3 5. bxc3 Bg4 6. d4 c5 7. Be3 e5 8.
Be2 cxd4 9. cxd4 exd4 10. Qxd4 Qxd4 11. Bxd4 Nc6 12. Bb2 Nb4 13. Bd3 Nxd3+ 14.
cxd3 Bxf3 15. gxf3 Rd8 16. Rd1 Bb4+ 17. Kf1 O-O 18. Rg1 f6 19. a3 Bc5 20. d4
Rd5 21. Kg2 Rfd8 22. Kh1 Bxd4 23. Rxd4 Rxd4 24. Bxd4 Rxd4 25. Rc1 Rd7 26. Kg2
a5 27. Rc8+ Kf7 28. Ra8 b6 29. Rb8 Rd6 30. Kg3 b5 31. Rxb5 Ra6 32. Rb7+ Ke6 33.
Rxg7 Rc6 34. Ra7 Rc5 35. Rxh7 Rc3 36. a4 Ra3 37. Rh4 Kd5 38. Rh5+ Kc4 39. Rxa5
Kb4 40. Ra6 f5 41. a5 Kb5 42. Ra8 Kc6 43. a6 Kc7 44. a7 Kb7 45. Rf8 Rxa7 46.
Rf7+ Ka6 47. Rxa7+ Kxa7 48. Kf4 Kb7 49. Kxf5 Kc7 50. Kf6 Kd6 51. h4 Kd5 52. h5
Kd6 53. h6 Kd7 54. h7 Kd8 55. h8=Q+ Kd7 56. Ke5 Ke7 57. Qf6+ Kd7 58. Qd6+ Kc8
59. Qe7 Kb8 60. Kd6 Kc8 61. Qc7# 1-0

[Event "Junior Online 4NCL Division 4"]
[Site "online"]
[Date "2020.11.12"]
[Round "7.85"]
[White "Smith, Ryan S"]
[Black "Kothari, Jai"]
[Result "1-0"]
[WhiteElo "1765"]
[BlackElo "1690"]
[PlyCount "117"]
[EventDate "2020.11.12"]
[WhiteTeam "KEGS Chelmsford"]
[BlackTeam "Woking Warriors"]

1. e4 e6 2. d4 d5 3. Nc3 Bb4 4. e5 Ne7 5. a3 Bxc3+ 6. bxc3 c5 7. h4 Nbc6 8. h5
Qb6 9. Be3 Qa5 10. Bd2 Qc7 11. Qg4 Nf5 12. Bd3 g6 13. hxg6 fxg6 14. Nf3 Bd7 15.
Rb1 O-O-O 16. Bg5 Rde8 17. Bf6 Rhf8 18. Rxh7 Qa5 19. dxc5 Qxc3+ 20. Kf1 Qxc5
21. Qxg6 Nce7 22. Qg4 Rg8 23. Qb4 Qxb4 24. Rxb4 Nc6 25. Rb1 Ncd4 26. Nxd4 Nxd4
27. c3 Nc6 28. f3 Rg3 29. Rg7 Rxg7 30. Bxg7 Rg8 31. Bf6 a6 32. g4 d4 33. cxd4
Nxd4 34. Kf2 Bc6 35. g5 Nxf3 36. g6 Nd4 37. g7 Nf5 38. Bxf5 exf5 39. Kg3 Kd7
40. Rd1+ Ke6 41. Kf4 Be4 42. Rd6+ Kf7 43. Rd7+ Kg6 44. a4 Kh7 45. e6 Kg6 46.
Ke5 Re8 47. Rf7 Rg8 48. Rf8 Kh7 49. e7 Bc6 50. Kxf5 Bxa4 51. Ke6 a5 52. Kf7
Bb3+ 53. Ke8 Ba4+ 54. Kd8 b6 55. e8=Q Bxe8 56. Kxe8 b5 57. Kf7 Rxg7+ 58. Bxg7
b4 59. Rh8# 1-0

[Event "Junior Online 4NCL Division 4"]
[Site "online"]
[Date "2020.11.12"]
[Round "7.86"]
[White "Phillips, Freddie"]
[Black "Arun Jacob, Nigel A"]
[Result "1-0"]
[WhiteElo "1435"]
[BlackElo "1525"]
[PlyCount "21"]
[EventDate "2020.11.12"]
[WhiteTeam "Woking Warriors"]
[BlackTeam "KEGS Chelmsford"]

1. e4 c5 2. Nf3 Nc6 3. Nc3 g6 4. Bc4 Bg7 5. Ng5 e6 6. d3 a6 7. a4 Nge7 8. O-O
O-O 9. Qf3 Ne5 10. Qh3 Nxc4 11. Qxh7# 1-0

[Event "Junior Online 4NCL Division 4"]
[Site "online"]
[Date "2020.11.12"]
[Round "7.87"]
[White "Poon, Evan"]
[Black "Seet, Joshua"]
[Result "0-1"]
[WhiteElo "1112"]
[BlackElo "1330"]
[PlyCount "86"]
[EventDate "2020.11.12"]
[WhiteTeam "KEGS Chelmsford"]
[BlackTeam "Woking Warriors"]

1. e4 c6 2. d4 d5 3. e5 Bf5 4. Be2 e6 5. Nf3 c5 6. c3 Nc6 7. O-O cxd4 8. cxd4
Bg6 9. Nc3 Nge7 10. b3 Nc8 11. Be3 Be7 12. a3 O-O 13. b4 a6 14. Bd3 Nb6 15.
Bxg6 hxg6 16. Nd2 Bg5 17. f4 Be7 18. Qb3 Nd7 19. Na2 b5 20. Bf2 Nb6 21. Nc1 Nc4
22. Nxc4 bxc4 23. Qc3 Rb8 24. Ne2 a5 25. Rfb1 axb4 26. axb4 Bxb4 27. Qc2 Be7
28. Nc3 Nb4 29. Qe2 Nd3 30. Nd1 Rxb1 31. Rxb1 Qa5 32. Nb2 Qa2 33. Qc2 Qa3 34.
Nxd3 cxd3 35. Qd1 Qc3 36. Rb3 Qc2 37. Qxd3 Qc1+ 38. Qf1 Qxf4 39. Rf3 Qd2 40.
Be3 Qc3 41. g4 Rb8 42. Qf2 Rb1+ 43. Kg2 Rb2 0-1

[Event "Junior Online 4NCL Division 4"]
[Site "online"]
[Date "2020.11.12"]
[Round "7.88"]
[White "Wicks, Alexander"]
[Black "Thompson, Thomas George"]
[Result "1-0"]
[WhiteElo "1345"]
[BlackElo "1075"]
[PlyCount "167"]
[EventDate "2020.11.12"]
[WhiteTeam "Woking Warriors"]
[BlackTeam "KEGS Chelmsford"]

1. e4 e5 2. Nf3 Nc6 3. Bb5 a6 4. Bxc6 dxc6 5. O-O Bd6 6. d4 exd4 7. Qxd4 f6 8.
Re1 c5 9. Qd5 c6 10. Qh5+ g6 11. Qh4 Bd7 12. e5 fxe5 13. Qe4 Qf6 14. Bg5 Qf5
15. Qd3 h6 16. Qxd6 hxg5 17. Rxe5+ Qxe5 18. Qxe5+ Kd8 19. Qxh8 Kc7 20. Nxg5 Re8
21. Nc3 Ne7 22. Qe5+ Kc8 23. Ne6 Bxe6 24. Qxe6+ Kd8 25. Qxg6 Nxg6 26. g3 b5 27.
a3 Kd7 28. h4 b4 29. axb4 cxb4 30. Rd1+ Kc7 31. Na4 Re2 32. Rc1 Kd6 33. Kf1 Re5
34. f4 Re3 35. Kf2 Re6 36. Kf3 Ne7 37. g4 c5 38. g5 Ng6 39. h5 Nh4+ 40. Kg3
Nf5+ 41. Kg4 Ne3+ 42. Kf3 Nf5 43. h6 Nh4+ 44. Kg4 Ng6 45. f5 Ne5+ 46. Kh5 Re7
47. f6 Rf7 48. g6 Rxf6 49. g7 Rg6 50. h7 Rxg7 51. h8=Q Rf7 52. Qd8+ Rd7 53.
Rd1+ Ke6 54. Rxd7 Nxd7 55. Qa8 Kd6 56. Qa7 Kc6 57. Qxa6+ Kd5 58. b3 Nb8 59.
Qc4+ Kc6 60. Qxc5+ Kd7 61. Qxb4 Nc6 62. Qb5 Kd6 63. c4 Na7 64. c5+ Kc7 65. Qb6+
Kc8 66. Qxa7 Kd8 67. Qb7 Ke8 68. Nb6 Kf8 69. Kg6 Ke8 70. c6 Kf8 71. Nd7+ Ke8
72. c7 Kxd7 73. c8=Q+ Kd6 74. Qcc6+ Ke5 75. Qe7+ Kd4 76. Qed6+ Ke3 77. Qc3+ Ke2
78. Qdd2+ Kf1 79. Qf3+ Kg1 80. Qdd1+ Kh2 81. Qh5+ Kg2 82. Qdf3+ Kg1 83. Qg5+
Kh2 84. Qgg3# 1-0

[Event "Junior Online 4NCL Division 4"]
[Site "online"]
[Date "2020.11.12"]
[Round "7.91"]
[White "Ford, Conor"]
[Black "Zhao, George"]
[Result "1-0"]
[WhiteElo "1427"]
[BlackElo "1330"]
[PlyCount "105"]
[EventDate "2020.11.12"]
[WhiteTeam "Barnet Knights B"]
[BlackTeam "JHJ 5"]

1. d4 e6 2. e3 d5 3. Bd3 c5 4. c3 Nc6 5. Nd2 Bd7 6. f4 c4 7. Bc2 Be7 8. Ngf3
Nf6 9. O-O Ng4 10. Qe1 O-O 11. Ne5 Nf6 12. Qh4 g6 13. Rf3 Nh5 14. Qf2 Bh4 15.
Qe2 Be7 16. Rh3 Nf6 17. Qf2 Nxe5 18. fxe5 Ng4 19. Qf3 h5 20. e4 dxe4 21. Nxe4
Bc6 22. Qe2 Bxe4 23. Bxe4 Qc7 24. Bd2 Rab8 25. Rf1 Qd8 26. Bf3 Bg5 27. Bxg5
Qxg5 28. Rg3 Qe3+ 29. Kh1 Qxe2 30. Bxe2 Ne3 31. Rxe3 b5 32. Rg3 Kh7 33. Rf4
Rbe8 34. Bf3 f5 35. Bc6 Rb8 36. Bf3 Kh6 37. h4 b4 38. Be2 bxc3 39. bxc3 Rb1+
40. Kh2 Rc1 41. Rgf3 Rb8 42. Bxc4 Rbb1 43. Rf1 Rxf1 44. Rxf1 Rxf1 45. Bxf1 Kg7
46. g3 Kf7 47. Kg2 Ke7 48. Kf3 Kf7 49. Kf4 Kf8 50. Kg5 Kg7 51. Be2 a5 52. a3 a4
53. Bb5 1-0